000 00806nam a2200253 i 4500
001 106414
003 ES-MaACL
005 20250730153547.0
007 t|
008 061113s1989 fr ||||1| fre d
020 _a2-13-042541-0
080 _a980.3"1492/1600"
100 1 _aMahn-Lot, Marianne.
_975543
245 1 3 _aLa conquête de l'Amérique espagnole /
_cMarianne Mahn-Lot.
250 _a3eme. ed.
260 _aParis :
_bPresses Universitaires de France,
_c1989.
300 _a127 p. ;
_c18 cm.
490 1 _aQue sais-je? ;
_v1584
500 _aBiblioteca Jacinto Martínez Lacalle.
651 4 _aAmérica española-
_xHistoria-
_y1492-1600 (Descubrimiento y conquista)
_97724
830 0 0 _aQue sais-je?
_v1584
_9180931
852 _aES-MaACL
_jE-11404
_bR.139137
999 _c106414
_d106414